Rihanna - Diamonds par coeur - Statistiques

Statistiques générales
  • Ce quiz a été pris 424 fois
  • Le résultat moyen est 266 sur 338
Statistiques - réponses
Lyrics % Correct
I
98%
a
97%
diamond
97%
like
97%
Shine
95%
shine
95%
be
93%
sky
93%
bright
92%
in
92%
beautiful
91%
the
91%
You
91%
you
91%
and
90%
to
87%
we
85%
diamonds
81%
happy
79%
we're
76%
We're
76%
sea
66%
see
65%
So
64%
so
64%
light
62%
alive
60%
your
57%
Eye
56%
eye
56%
of
56%
choose
55%
Find
55%
star
55%
tonight
54%
When
54%
vision
53%
me
52%
I'm
51%
Oh
51%
energy
48%
away
47%
first
45%
saw
44%
shooting
44%
You're
43%
At
41%
knew
41%
ecstasy
40%
hold
40%
right
39%
that
39%
inside
35%
sun
35%
one
34%
felt
33%
eyes
32%
life
32%
sight
32%
die
31%
become
30%
never
30%
universe
30%
Feel
29%
as
23%
we'll
22%
molly
21%
moonshine
21%
rise
21%
we'd
21%
rays
20%
Palms
15%
Shining
15%
warmth
13%
Aucun quiz correspondant
Distribution des résultats
% des personnes avec chaque résultat
Percentile par nombre de réponses
Votre historique - résultats
Vous n’avez pas pris ce quiz